| 000 | 00842nam a2200265 a 4500 | ||
|---|---|---|---|
| 001 | BRL_242 | ||
| 005 | 20190320210642.0 | ||
| 008 | 010713s1996----mx-o######---#000-0#spa-# | ||
| 020 | _a9686237038 | ||
| 041 | _aspa | ||
| 044 | _amx | ||
| 050 | 4 |
_aF1216.5 _b.O78 1996 |
|
| 100 | 1 |
_aOrtiz Macedo, Luis _91569 |
|
| 245 | 1 | 0 |
_aFortalezas de México _ctexto Luis Ortiz Macedo ; fotografía Enrique Franco Torrijos. |
| 260 |
_aMéxico _bBNCI Banco Nacional de Comercio Interior _c1996 |
||
| 300 |
_a151 p. _bil. a color _c31 cm. |
||
| 500 | _aIncluye dedicatoria para Ruth Lechuga, 5 febrero, 1997 | ||
| 500 | _aAu310 | ||
| 504 | _aBibliografía: p. 151 | ||
| 651 | 4 |
_aMéxico _xDescripción y viajes _9103 |
|
| 651 | 4 |
_aMéxico _xObras pictóricas _922643 |
|
| 700 | 1 |
_aFranco Torrijos, Enrique _eil. _9625 |
|
| 902 | _aGRL | ||
| 942 |
_2lcc _cB |
||
| 999 |
_c9055 _d9055 |
||